[Event "Manitoba-ch"]
[Site "Winnipeg CAN"]
[Date "2010.07.06"]
[Round "2.2"]
[White "Dawa, Arvin"]
[Black "Vincent, Trevor"]
[Result "1/2-1/2"]
[WhiteElo "2176"]
[BlackElo "2304"]
[PlyCount "83"]
[EventDate "2010.05.25"]
[EventType "k.o."]
[EventRounds "6"]
[EventCountry "CAN"]

1. Nf3 c5 2. c4 g6 3. g3 Bg7 4. Bg2 Nc6 5. Nc3 e5 6. O-O Nge7 7. a3 O-O 8. d3
d6 9. Rb1 a5 10. Bg5 f6 11. Bd2 Rb8 12. Nb5 d5 13. cxd5 Nxd5 14. Qa4 Be6 15.
Rfc1 b6 16. Nc3 Nde7 17. Ng5 Qd7 18. Nxe6 Qxe6 19. Nb5 Rfd8 20. Nc7 Qd7 21.
Qc4+ Kh8 22. Ne6 Rdc8 23. Bh3 f5 24. Ng5 Qd5 25. Qh4 Qg8 26. Bg2 Nd4 27. Re1
Bf6 28. Qh6 Qg7 29. Qxg7+ Kxg7 30. Nf3 Kf7 31. Kf1 Nb3 32. Bc3 Ke6 33. e4 Nc6
34. exf5+ gxf5 35. Nxe5 Nxe5 36. f4 Nd4 37. Re3 Re8 38. fxe5 Bg5 39. Ree1 Nc2
40. Re2 Nd4 41. Ree1 Nc2 42. Re2 1/2-1/2

[Event "Manitoba-ch"]
[Site "Winnipeg CAN"]
[Date "2010.06.08"]
[Round "2.2"]
[White "Khedkar, Jay"]
[Black "Lipnowski, Samuel"]
[Result "0-1"]
[WhiteElo "2063"]
[BlackElo "2244"]
[PlyCount "122"]
[EventDate "2010.05.25"]
[EventType "k.o."]
[EventRounds "6"]
[EventCountry "CAN"]

1. d4 Nf6 2. Nf3 e6 3. c4 d5 4. Bg5 dxc4 5. Qa4+ Nbd7 6. e3 a6 7. Bxc4 Rb8 8.
Qc2 b5 9. Bd3 Bb7 10. Nbd2 c5 11. Be4 cxd4 12. Bxb7 dxe3 13. Qc6 exd2+ 14. Ke2
Qb6 15. Qxb6 Nxb6 16. Bxa6 Nbd5 17. a4 bxa4 18. Bxf6 gxf6 19. Rhb1 a3 20. Kxd2
Bh6+ 21. Ke1 axb2 22. Ra2 Bc1 23. Ra3 Nb4 24. Ke2 Nxa6 25. Rxa6 O-O 26. Ne1 Ra8
27. Rxa8 Rxa8 28. Kd1 Rd8+ 29. Ke2 Rd2+ 30. Kf1 f5 31. Nf3 Rd5 32. Ke2 Kg7 33.
Ne1 Rd2+ 34. Kf1 Kf6 35. Nf3 Rd5 36. Ke1 e5 37. Ng1 Ra5 38. Kd1 Ra1 39. Kc2 e4
40. Ne2 Rxb1 41. Kxb1 Ke5 42. g3 f4 43. Nxc1 bxc1=Q+ 44. Kxc1 e3 45. Kd1 Ke4
46. gxf4 Kxf4 47. Ke2 exf2 48. Kxf2 h6 49. Ke2 h5 50. Kf2 h4 51. Ke2 Kg4 52.
Kf2 Kh3 53. Kg1 f5 54. Kh1 Kg4 55. Kg2 Kf4 56. Kf2 Ke4 57. Ke2 f4 58. Kf2 f3
59. Kf1 Ke3 60. Ke1 f2+ 61. Kf1 Kf3 0-1

[Event "Manitoba-ch"]
[Site "Winnipeg CAN"]
[Date "2010.07.06"]
[Round "2.2"]
[White "Lipnowski, Samuel"]
[Black "Zaczek, Jonathan"]
[Result "1/2-1/2"]
[WhiteElo "2224"]
[BlackElo "2096"]
[PlyCount "83"]
[EventDate "2010.05.25"]
[EventType "k.o."]
[EventRounds "6"]
[EventCountry "CAN"]

1. e4 c5 2. Nf3 d6 3. d4 cxd4 4. Nxd4 Nf6 5. Nc3 a6 6. Be2 e6 7. O-O Be7 8. a4
Qc7 9. a5 Bd7 10. Be3 Nc6 11. Nb3 Rc8 12. Bb6 Qb8 13. f4 O-O 14. Kh1 Nb4 15.
Bf3 Bc6 16. Nd4 Nd7 17. Nxc6 Rxc6 18. Bg1 Nc5 19. Na2 Nxa2 20. Rxa2 Nd7 21. c3
Rcc8 22. Qe2 Qc7 23. Raa1 Rfe8 24. Qd3 Bf8 25. Rfd1 e5 26. f5 Nf6 27. Bb6 Qc4
28. Qxc4 Rxc4 29. Re1 Rec8 30. Rad1 Nd7 31. Bf2 Ra4 32. Ra1 Rcc4 33. Rxa4 Rxa4
34. b4 Be7 35. Be3 Ra2 36. Rd1 Rc2 37. Rc1 Rb2 38. Kg1 h6 39. Rd1 Rc2 40. Rc1
Rb2 41. Rd1 Rc2 42. Rc1 1/2-1/2

[Event "Manitoba-ch"]
[Site "Winnipeg CAN"]
[Date "2010.06.01"]
[Round "2.2"]
[White "Raihman, Igal"]
[Black "Vincent, Trevor"]
[Result "0-1"]
[WhiteElo "2022"]
[BlackElo "2304"]
[PlyCount "84"]
[EventDate "2010.05.25"]
[EventType "k.o."]
[EventRounds "6"]
[EventCountry "CAN"]

1. e4 c5 2. Nf3 e6 3. d4 cxd4 4. Nxd4 Nc6 5. Be3 Nf6 6. Nc3 Qc7 7. a3 a6 8. Be2
b5 9. f4 Bb7 10. Bf3 d6 11. Qe2 Be7 12. O-O-O O-O 13. g4 Nd7 14. g5 Rfe8 15.
Qg2 Na5 16. Kb1 Nc4 17. Bc1 Nxa3+ 18. bxa3 Qxc3 19. Rd3 Qc7 20. h4 Bf8 21. h5
Nc5 22. Re3 Rac8 23. Bg4 Na4 24. g6 h6 25. f5 fxg6 26. hxg6 Qc4 27. Rxh6 gxh6
28. f6 Qxd4 29. f7+ Kh8 30. Qh2 Bg7 31. e5 Re7 32. Rh3 Nc3+ 33. Rxc3 Qxc3 34.
Bxh6 Qxc2+ 35. Qxc2 Rxc2 36. f8=Q+ Bxf8 37. Bxf8 Rg2 38. Bxe7 Rxg4 39. exd6 Bc6
40. Bf6+ Kg8 41. g7 Rf4 42. Bc3 Rf5 0-1

[Event "Manitoba-ch"]
[Site "Winnipeg CAN"]
[Date "2010.05.29"]
[Round "2.2"]
[White "Zaczek, Jonathan"]
[Black "Babb, Jeff"]
[Result "1-0"]
[WhiteElo "2096"]
[BlackElo "2204"]
[PlyCount "101"]
[EventDate "2010.05.25"]
[EventType "k.o."]
[EventRounds "6"]
[EventCountry "CAN"]

1. e4 d6 2. d4 Nf6 3. Nc3 g6 4. f4 Bg7 5. Nf3 c5 6. Bb5+ Bd7 7. e5 Ng4 8. e6
fxe6 9. Ng5 Bxb5 10. Qxg4 Bc4 11. dxc5 Qa5 12. Bd2 Qxc5 13. Nxe6 Bxe6 14. Qxe6
Qf5 15. Qb3 Qd7 16. O-O-O Nc6 17. Nd5 Nd4 18. Qd3 Qc6 19. Ne3 O-O 20. g3 Qb5
21. Qxb5 Nxb5 22. c3 Rac8 23. Nd5 Kf7 24. Be3 e6 25. a4 Na3 26. Nb4 Nc4 27.
Bxa7 Ra8 28. Bd4 Rxa4 29. Kc2 Rc8 30. Bxg7 Kxg7 31. Rde1 Nb6 32. Kb3 Kf7 33.
Ra1 Rca8 34. Rad1 Ke7 35. Rhe1 R4a5 36. Re4 Nd7 37. Red4 Nc5+ 38. Kc2 Rd8 39.
Re1 Kf7 40. Rdd1 Ke7 41. h4 Raa8 42. g4 Rac8 43. Rh1 Nd7 44. Rhe1 Nc5 45. Nd5+
Kf7 46. Nb6 Rc6 47. Nc4 Ke7 48. b4 d5 49. Ne5 Nd7 50. Nxc6+ bxc6 51. b5 1-0

[Event "Manitoba-ch qual."]
[Site "Winnipeg CAN"]
[Date "2010.05.01"]
[Round "1.4"]
[White "Green, Aaron"]
[Black "Wasserman, Leor"]
[Result "1-0"]
[WhiteElo "1980"]
[BlackElo "1736"]
[PlyCount "58"]
[EventDate "2010.05.01"]
[EventType "swiss"]
[EventRounds "4"]
[EventCountry "CAN"]

1. e4 e5 2. f4 d6 3. Nf3 Nc6 4. Bc4 Bg4 5. O-O Nd4 6. fxe5 Bxf3 7. gxf3 Qg5+ 8.
Kh1 Qxe5 9. c3 Ne6 10. d4 Qh5 11. Qb3 O-O-O 12. Bxe6+ fxe6 13. Qxe6+ Kb8 14.
Qc4 d5 15. Qd3 dxe4 16. fxe4 Nf6 17. Bf4 Qg4 18. Nd2 Nh5 19. Qf3 Qxf4 20. Qxf4
Nxf4 21. Rxf4 Bd6 22. Rf7 g5 23. Raf1 Bf4 24. Nf3 Rd6 25. e5 Rb6 26. Nxg5 a6
27. R1xf4 Rxb2 28. Rf2 Rb6 29. Ne4 Rg8 1-0

[Event "Manitoba-ch qual."]
[Site "Winnipeg CAN"]
[Date "2010.05.01"]
[Round "1.4"]
[White "Green, Jim"]
[Black "Boron, Anthony"]
[Result "0-1"]
[WhiteElo "2024"]
[BlackElo "1746"]
[PlyCount "54"]
[EventDate "2010.05.01"]
[EventType "swiss"]
[EventRounds "4"]
[EventCountry "CAN"]

1. e4 c5 2. Nf3 a6 3. d3 g6 4. g3 Bg7 5. c3 Nc6 6. Bg2 d5 7. Nbd2 e6 8. O-O
Nge7 9. Re1 O-O 10. Nf1 b5 11. Bd2 Bb7 12. Qc1 b4 13. Bh6 Rc8 14. Bxg7 Kxg7 15.
e5 a5 16. Ne3 Ba6 17. Ng4 Ng8 18. Qd2 h5 19. Ne3 Nh6 20. h4 d4 21. cxd4 Nxd4
22. Ng5 Bxd3 23. Rad1 Bb5 24. Nc2 Nxc2 25. Qxc2 Qc7 26. Rd6 Nf5 27. Rxe6 Nd4
0-1

[Event "Manitoba-ch qual."]
[Site "Winnipeg CAN"]
[Date "2010.05.01"]
[Round "1.4"]
[White "Kaptsan, Aron"]
[Black "Atem, James"]
[Result "0-1"]
[WhiteElo "2045"]
[BlackElo "1840"]
[PlyCount "142"]
[EventDate "2010.05.01"]
[EventType "swiss"]
[EventRounds "4"]
[EventCountry "CAN"]

1. d4 d5 2. c4 e6 3. Nc3 Bb4 4. Nf3 a6 5. e3 dxc4 6. Bxc4 Nf6 7. O-O b5 8. Be2
O-O 9. Ne5 Bb7 10. Bf3 c6 11. a4 Bxc3 12. bxc3 Qc7 13. Ba3 Rd8 14. Qb3 Nbd7 15.
Nxd7 Nxd7 16. c4 Nb6 17. cxb5 cxb5 18. Bxb7 Qxb7 19. axb5 Nd5 20. Rfb1 Rdb8 21.
Bd6 Rd8 22. Bc5 axb5 23. e4 Rxa1 24. Rxa1 Nf4 25. Qe3 Ng6 26. Ra7 Ra8 27. Rxa8+
Qxa8 28. f3 h6 29. Qa3 Qc6 30. Kf2 f5 31. exf5 exf5 32. Qb3+ Kh7 33. Qd3 Qd7
34. g3 Ne5 35. Qe2 Nc4 36. Qd3 Qd5 37. g4 g6 38. gxf5 gxf5 39. Qb3 Qd7 40. Qd3
Kg6 41. f4 Qd5 42. Qg3+ Kh7 43. Qf3 Qd7 44. d5 Nd2 45. Qe3 Ne4+ 46. Kg1 Qxd5
47. Bd4 b4 48. Be5 b3 49. h4 Kg6 50. h5+ Kxh5 51. Qh3+ Kg6 52. Qg2+ Kf7 53.
Qg7+ Ke8 54. Qh8+ Kd7 55. Qh7+ Kc6 56. Qc7+ Kb5 57. Qb8+ Kc4 58. Kh2 Qd2+ 59.
Kh3 Qe3+ 60. Kh4 Qg3+ 61. Kh5 Qg4+ 62. Kxh6 Nc5 63. Qa7 Kd5 64. Qf7+ Kc6 65.
Qe8+ Kb6 66. Qd8+ Kb5 67. Qe8+ Kb4 68. Qc6 Qg8 69. Qd6 Kc4 70. Qd4+ Kb5 71. Kh5
Qh7+ 0-1

[Event "Manitoba-ch qual."]
[Site "Winnipeg CAN"]
[Date "2010.05.01"]
[Round "1.4"]
[White "Melamedoff, Gustavo"]
[Black "Zaczek, Jonathan"]
[Result "1/2-1/2"]
[WhiteElo "1964"]
[BlackElo "2101"]
[PlyCount "72"]
[EventDate "2010.05.01"]
[EventType "swiss"]
[EventRounds "4"]
[EventCountry "CAN"]

1. e3 Nf6 2. b3 d5 3. Bb2 Nbd7 4. f4 e6 5. Nf3 Bd6 6. Bd3 c6 7. g4 O-O 8. g5
Ne4 9. Nc3 Nec5 10. Ne2 b6 11. O-O Re8 12. Ng3 g6 13. h4 e5 14. fxe5 Nxe5 15.
Nxe5 Bxe5 16. Bxe5 Rxe5 17. Qf3 Qe7 18. b4 Nxd3 19. cxd3 Ba6 20. d4 Re6 21. Rf2
Rf8 22. a3 f6 23. Rc1 Bb5 24. Qf4 a5 25. Qg4 f5 26. Qf4 axb4 27. axb4 Qxb4 28.
Ra1 Qd6 29. Ra7 Qxf4 30. Rxf4 Ree8 31. Rb7 Rb8 32. Re7 Rfe8 33. Rd7 Rbd8 34.
Rb7 Rf8 35. h5 Rb8 36. Re7 Rbe8 1/2-1/2

[Event "Manitoba-ch qual."]
[Site "Winnipeg CAN"]
[Date "2010.05.01"]
[Round "1.4"]
[White "Ott, Richard"]
[Black "Raihman, Igal"]
[Result "0-1"]
[WhiteElo "1640"]
[BlackElo "1968"]
[PlyCount "56"]
[EventDate "2010.05.01"]
[EventType "swiss"]
[EventRounds "4"]
[EventCountry "CAN"]

1. d4 d5 2. c4 e6 3. Nc3 Nf6 4. cxd5 exd5 5. Bg5 Be7 6. e3 O-O 7. Bd3 b6 8. Nf3
Bb7 9. Qc2 Nbd7 10. h3 c5 11. Bxf6 Nxf6 12. O-O-O Rc8 13. Kb1 Rc7 14. g4 Ne4
15. Nb5 Rc8 16. Ne5 cxd4 17. Qe2 dxe3 18. Bxe4 Bf6 19. Nf3 Re8 20. Bxh7+ Kxh7
21. g5 d4 22. Qd3+ Be4 23. g6+ Bxg6 24. Qxg6+ fxg6 25. fxe3 d3 26. h4 Rxe3 27.
Ng5+ Kg8 28. Nxa7 Rc2 0-1

[Event "Manitoba-ch qual."]
[Site "Winnipeg CAN"]
[Date "2010.05.01"]
[Round "2.4"]
[White "Atem, James"]
[Black "Green, Aaron"]
[Result "1-0"]
[WhiteElo "1840"]
[BlackElo "1980"]
[PlyCount "87"]
[EventDate "2010.05.01"]
[EventType "swiss"]
[EventRounds "4"]
[EventCountry "CAN"]

1. e4 c5 2. Nf3 d6 3. Nc3 Nc6 4. Bb5 Bd7 5. d4 cxd4 6. Nxd4 Nxd4 7. Qxd4 Nf6 8.
O-O e5 9. Qd3 Be7 10. Bc4 Be6 11. Bxe6 fxe6 12. f4 exf4 13. Bxf4 e5 14. Bg5 O-O
15. Bxf6 Rxf6 16. Nd5 Rxf1+ 17. Rxf1 Qd7 18. Qc4 Kh8 19. Rf7 b5 20. Qb3 Qg4 21.
Nxe7 Qxe4 22. Qxb5 Qxc2 23. Qb7 Qc5+ 24. Kf1 Qc4+ 25. Ke1 Qc1+ 26. Kf2 Qd2+ 27.
Kg3 Qg5+ 28. Kf3 Qh5+ 29. Ke3 Qg5+ 30. Ke2 Qg4+ 31. Kd2 Qd4+ 32. Kc1 Qg1+ 33.
Kc2 Qc5+ 34. Kb3 Qe3+ 35. Ka4 Qd4+ 36. b4 Qd1+ 37. Ka5 Re8 38. Nf5 e4 39. a4
Re5+ 40. b5 Re8 41. Nxg7 Qd2+ 42. Ka6 Qd4 43. a5 Rd8 44. Ne6 1-0

[Event "Manitoba-ch qual."]
[Site "Winnipeg CAN"]
[Date "2010.05.01"]
[Round "2.4"]
[White "Boron, Anthony"]
[Black "Raihman, Igal"]
[Result "0-1"]
[WhiteElo "2024"]
[BlackElo "1968"]
[PlyCount "110"]
[EventDate "2010.05.01"]
[EventType "swiss"]
[EventRounds "4"]
[EventCountry "CAN"]

1. Nf3 c5 2. g3 Nc6 3. e4 d6 4. d3 e6 5. Bg2 Qc7 6. O-O b6 7. Nbd2 Bb7 8. Re1
Be7 9. Nf1 Bf6 10. c3 h6 11. h4 Nge7 12. Ne3 g6 13. Bd2 O-O-O 14. Rc1 Ne5 15.
Nxe5 dxe5 16. Qf3 Nf5 17. Qe2 Nxe3 18. Bxe3 Ba6 19. c4 Bb7 20. a3 Be7 21. Qc2
Bc6 22. Rb1 Qd7 23. Red1 g5 24. h5 f5 25. f3 Rhg8 26. b4 Ba4 27. Qb2 f4 28. Bf2
fxg3 29. Bxg3 Bxd1 30. Qxe5 Bd6 31. Qxd6 Qxd6 32. Bxd6 Rxd6 33. Rxd1 e5 34.
Bh3+ Kc7 35. Kf2 Rgd8 36. Ke3 Rd4 37. Be6 R4d6 38. Bf5 cxb4 39. axb4 a5 40. c5
bxc5 41. bxa5 c4 42. Rc1 Rxd3+ 43. Kf2 c3 44. a6 Kb6 45. Be6 Rd2+ 46. Kg3 R8d3
47. Bc4 Re3 48. Rb1+ Rb2 49. Rd1 c2 50. Rd6+ Kc7 51. a7 Ra3 52. Ra6 c1=Q 53.
a8=N+ Kb8 54. Rf6 Qg1+ 55. Kh3 Rh2# 0-1

[Event "Manitoba-ch qual."]
[Site "Winnipeg CAN"]
[Date "2010.05.01"]
[Round "2.4"]
[White "Ott, Richard"]
[Black "Green, Jim"]
[Result "0-1"]
[WhiteElo "1640"]
[BlackElo "1746"]
[PlyCount "73"]
[EventDate "2010.05.01"]
[EventType "swiss"]
[EventRounds "4"]
[EventCountry "CAN"]

1. d4 d5 2. c4 c6 3. Nf3 Nf6 4. Nc3 a6 5. cxd5 cxd5 6. e3 e6 7. Bd3 Bd6 8. O-O
O-O 9. e4 dxe4 10. Nxe4 Be7 11. b3 Nc6 12. Bb2 Nb4 13. Nxf6+ Bxf6 14. Be4 Nd5
15. Rc1 Bd7 16. Ne5 Bxe5 17. dxe5 Bc6 18. f4 g6 19. Bxd5 Bxd5 20. Qd4 Rc8 21.
Ba3 Re8 22. g4 Qh4 23. f5 gxf5 24. Rcd1 Rc2 25. Rd2 Rxd2 26. Qxd2 Qxg4+ 27. Kf2
Qf3+ 28. Ke1 Qe4+ 29. Kd1 Qg4+ 30. Ke1 Qh4+ 31. Kd1 Kh8 32. Rf4 Qh5+ 33. Ke1
Rg8 34. Qf2 Rg2 35. Qf1 Rxh2 36. Be7 Rh1 37. Bf6+ 0-1

[Event "Manitoba-ch qual."]
[Site "Winnipeg CAN"]
[Date "2010.05.01"]
[Round "2.4"]
[White "Wasserman, Leor"]
[Black "Melamedoff, Gustavo"]
[Result "0-1"]
[WhiteElo "1964"]
[BlackElo "1736"]
[PlyCount "46"]
[EventDate "2010.05.01"]
[EventType "swiss"]
[EventRounds "4"]
[EventCountry "CAN"]

1. e4 e5 2. Nf3 Nc6 3. Bc4 Be7 4. d4 exd4 5. Nxd4 d6 6. Nxc6 bxc6 7. O-O Nf6 8.
Nc3 O-O 9. h3 a5 10. f4 Nd7 11. f5 Bf6 12. Ne2 Re8 13. Ng3 Rb8 14. Nh5 Rxe4 15.
Qd3 Nc5 16. Qg3 Be5 17. Rf4 Rxc4 18. f6 g6 19. Qg5 Bxf4 20. Bxf4 Ne6 21. Qh6
gxh5 22. Re1 Qf8 23. Rxe6 Qxh6 0-1

[Event "Manitoba-ch qual."]
[Site "Winnipeg CAN"]
[Date "2010.05.02"]
[Round "2.4"]
[White "Zaczek, Jonathan"]
[Black "Kaptsan, Aron"]
[Result "1/2-1/2"]
[WhiteElo "2101"]
[BlackElo "2045"]
[PlyCount "48"]
[EventDate "2010.05.01"]
[EventType "swiss"]
[EventRounds "4"]
[EventCountry "CAN"]

1. e4 e5 2. Nf3 Nc6 3. Bb5 a6 4. Ba4 Nf6 5. O-O Be7 6. Re1 b5 7. Bb3 d6 8. c3
O-O 9. h3 Nb8 10. d4 Nbd7 11. Nbd2 Bb7 12. Bc2 Re8 13. Nf1 Bf8 14. Ng3 g6 15.
dxe5 Nxe5 16. Nxe5 Rxe5 17. Bf4 Re8 18. Qd2 Nd7 19. Rad1 Bg7 20. Bh6 Bxh6 21.
Qxh6 Qf6 22. Re3 Qg7 23. Qh4 Qf6 24. Qh6 Qg7 1/2-1/2

[Event "Manitoba-ch qual."]
[Site "Winnipeg CAN"]
[Date "2010.05.02"]
[Round "3.4"]
[White "Green, Aaron"]
[Black "Zaczek, Jonathan"]
[Result "1/2-1/2"]
[WhiteElo "1980"]
[BlackElo "2101"]
[PlyCount "43"]
[EventDate "2010.05.01"]
[EventType "swiss"]
[EventRounds "4"]
[EventCountry "CAN"]

1. e4 c5 2. Nf3 d6 3. Bb5+ Nd7 4. d4 cxd4 5. Nxd4 Ngf6 6. Nc3 a6 7. Bxd7+ Bxd7
8. f3 e6 9. Be3 b5 10. Qd2 Qc7 11. g4 h6 12. h4 b4 13. Nce2 d5 14. e5 Ng8 15.
f4 h5 16. g5 g6 17. O-O Bc5 18. Rfc1 Qb6 19. Kf2 Bb5 20. Nxb5 Qxb5 21. Bxc5
Qxc5+ 22. Nd4 1/2-1/2

[Event "Manitoba-ch qual."]
[Site "Winnipeg CAN"]
[Date "2010.05.02"]
[Round "3.4"]
[White "Kaptsan, Aron"]
[Black "Wasserman, Leor"]
[Result "1-0"]
[WhiteElo "2045"]
[BlackElo "1736"]
[PlyCount "91"]
[EventDate "2010.05.01"]
[EventType "swiss"]
[EventRounds "4"]
[EventCountry "CAN"]

1. d4 Nf6 2. c4 g6 3. Nc3 Bg7 4. e4 d6 5. f4 e5 6. dxe5 dxe5 7. Qxd8+ Kxd8 8.
Nf3 exf4 9. Bxf4 Re8 10. O-O-O+ Nbd7 11. e5 Ng4 12. Bg5+ f6 13. exf6 Bxf6 14.
Nd5 Rf8 15. Bxf6+ Ngxf6 16. Ng5 Nxd5 17. Ne6+ Ke7 18. cxd5 Rf5 19. Nxc7 Rb8 20.
Bd3 Rf2 21. Nb5 Nc5 22. d6+ Kd8 23. Bc2 a6 24. Nd4 Rxg2 25. Rde1 Bd7 26. Re7
Rc8 27. Rf1 Nd3+ 28. Kb1 Nf4 29. Rxh7 Rc4 30. Rh8+ Be8 31. Rd1 Kd7 32. Bb3 Rc5
33. Rh7+ Kd8 34. d7 Bxd7 35. Ne6+ Nxe6 36. Rhxd7+ Ke8 37. Bxe6 Rcc2 38. Rxb7
Rxh2 39. Bf7+ Kf8 40. Rd8+ Kg7 41. Bb3+ Kh6 42. Bxc2 Kg5 43. Rb6 Kf4 44. Rxg6
Ke5 45. Rxa6 Kf4 46. a3 1-0

[Event "Manitoba-ch qual."]
[Site "Winnipeg CAN"]
[Date "2010.05.01"]
[Round "3.4"]
[White "Melamedoff, Gustavo"]
[Black "Boron, Anthony"]
[Result "1-0"]
[WhiteElo "1964"]
[BlackElo "2024"]
[PlyCount "69"]
[EventDate "2010.05.01"]
[EventType "swiss"]
[EventRounds "4"]
[EventCountry "CAN"]

1. a3 g6 2. e3 c5 3. c4 Bg7 4. Nc3 Nc6 5. g3 b6 6. Bg2 Bb7 7. Nge2 e6 8. O-O
Nge7 9. b4 d6 10. d4 cxd4 11. exd4 O-O 12. Bg5 h6 13. Bxe7 Qxe7 14. Rc1 Rac8
15. Re1 Nd8 16. Ne4 d5 17. cxd5 Rxc1 18. Qxc1 Bxd5 19. N2c3 Bb7 20. d5 Qd7 21.
Rd1 exd5 22. Qf4 Qe6 23. Nxd5 Bxd5 24. Rxd5 g5 25. Qd2 f5 26. Nxg5 Qf6 27. Nf3
f4 28. g4 Ne6 29. h4 Qa1+ 30. Kh2 Qxa3 31. Rd6 Nc7 32. Rd7 Ne8 33. Qd5+ Kh8 34.
Ne5 Nf6 35. Ng6+ 1-0

[Event "Manitoba-ch qual."]
[Site "Winnipeg CAN"]
[Date "2010.05.02"]
[Round "3.4"]
[White "Raihman, Igal"]
[Black "Atem, James"]
[Result "1-0"]
[WhiteElo "1968"]
[BlackElo "1840"]
[PlyCount "59"]
[EventDate "2010.05.01"]
[EventType "swiss"]
[EventRounds "4"]
[EventCountry "CAN"]

1. e4 c5 2. Nf3 d6 3. d4 Nf6 4. Nc3 cxd4 5. Nxd4 e5 6. Nb3 a6 7. Be2 Nc6 8. Be3
Be7 9. Qd2 O-O 10. h3 Be6 11. O-O-O b5 12. Bf3 Bxb3 13. cxb3 Rc8 14. Kb1 Nb4
15. g4 Nc6 16. g5 Ne8 17. Bg4 Rb8 18. Nd5 Nd4 19. h4 Ne6 20. f4 exf4 21. Nxf4
Nxf4 22. Bxf4 Qc7 23. h5 Qc6 24. Bf5 Rd8 25. g6 fxg6 26. Be6+ Kh8 27. Bd5 Qd7
28. hxg6 Nf6 29. Rxh7+ Nxh7 30. Qh2 1-0

[Event "Manitoba-ch qual."]
[Site "Winnipeg CAN"]
[Date "2010.05.02"]
[Round "4.4"]
[White "Atem, James"]
[Black "Zaczek, Jonathan"]
[Result "0-1"]
[WhiteElo "1840"]
[BlackElo "2101"]
[PlyCount "58"]
[EventDate "2010.05.01"]
[EventType "swiss"]
[EventRounds "4"]
[EventCountry "CAN"]

1. e4 c5 2. Bc4 e6 3. Nf3 a6 4. a3 b5 5. Be2 Bb7 6. d3 Nc6 7. O-O d6 8. c3 Nf6
9. Bg5 Be7 10. Nbd2 h6 11. Be3 O-O 12. h3 Qc7 13. Qc2 d5 14. Rfc1 Rac8 15. Nb3
dxe4 16. dxe4 Nxe4 17. Ne1 f5 18. f3 Qg3 19. Rd1 Ne5 20. Nd2 Bg5 21. Kh1 Nf2+
22. Bxf2 Qxf2 23. Nf1 Rfd8 24. Rxd8+ Rxd8 25. Rd1 c4 26. Rxd8+ Bxd8 27. Qd2 Bb6
28. Kh2 Qg1+ 29. Kg3 Bf2+ 0-1

[Event "Manitoba-ch qual."]
[Site "Winnipeg CAN"]
[Date "2010.05.02"]
[Round "4.4"]
[White "Boron, Anthony"]
[Black "Green, Aaron"]
[Result "1-0"]
[WhiteElo "2024"]
[BlackElo "1980"]
[PlyCount "55"]
[EventDate "2010.05.01"]
[EventType "swiss"]
[EventRounds "4"]
[EventCountry "CAN"]

1. d4 Nf6 2. Nf3 g6 3. Nc3 Bg7 4. e4 d6 5. Be3 O-O 6. Qd2 Nbd7 7. O-O-O Nb6 8.
h3 c6 9. Bh6 Qc7 10. Bxg7 Kxg7 11. Be2 a5 12. h4 h5 13. Ng5 Bd7 14. f4 Bg4 15.
Bxg4 Nxg4 16. f5 gxf5 17. exf5 Nd7 18. Ne6+ fxe6 19. Qg5+ Kh7 20. Qxh5+ Kg7 21.
Qxg4+ Kh8 22. Qh5+ Kg8 23. Qg6+ Kh8 24. Qh6+ Kg8 25. Qxe6+ Kh8 26. Qh6+ Kg8 27.
Rd3 d5 28. Rhh3 1-0

[Event "Manitoba-ch qual."]
[Site "Winnipeg CAN"]
[Date "2010.05.02"]
[Round "4.4"]
[White "Green, Jim"]
[Black "Kaptsan, Aron"]
[Result "1-0"]
[WhiteElo "1746"]
[BlackElo "2045"]
[PlyCount "93"]
[EventDate "2010.05.01"]
[EventType "swiss"]
[EventRounds "4"]
[EventCountry "CAN"]

1. e4 e5 2. Nf3 Nc6 3. d4 exd4 4. Nxd4 Nf6 5. Nxc6 bxc6 6. e5 Nd5 7. c4 Bb4+ 8.
Bd2 Bxd2+ 9. Qxd2 Ne7 10. Bd3 O-O 11. O-O d6 12. Qc2 h6 13. exd6 cxd6 14. Nc3
d5 15. cxd5 cxd5 16. Rad1 Be6 17. Nb5 Qb6 18. Nd4 Rac8 19. Qe2 Nc6 20. Nxc6
Rxc6 21. Rc1 Rfc8 22. Qd2 Qc7 23. Rxc6 Qxc6 24. Qe3 Qc5 25. Qd2 Kf8 26. h3 d4
27. a3 a5 28. Re1 a4 29. Qf4 Rd8 30. Rc1 Qd6 31. Qd2 Rb8 32. Bc4 Bf5 33. Be2
Qb6 34. Rc4 d3 35. Rb4 Qd6 36. Rxb8+ Qxb8 37. Bd1 Qb5 38. Kf1 Bd7 39. Bf3 Ke7
40. Be4 Bf5 41. Bxf5 Qxf5 42. Qb4+ Ke6 43. Qxa4 Qd5 44. Qg4+ Kd6 45. Qf4+ Kc5
46. Qd2 Qd4 47. Qe3 1-0

[Event "Manitoba-ch qual."]
[Site "Winnipeg CAN"]
[Date "2010.05.02"]
[Round "4.4"]
[White "Raihman, Igal"]
[Black "Melamedoff, Gustavo"]
[Result "1-0"]
[WhiteElo "1968"]
[BlackElo "1964"]
[PlyCount "91"]
[EventDate "2010.05.01"]
[EventType "swiss"]
[EventRounds "4"]
[EventCountry "CAN"]

1. e4 e5 2. Nf3 Nc6 3. Bb5 a6 4. Bxc6 dxc6 5. O-O Qd6 6. b3 Bg4 7. Bb2 f6 8. h3
Bh5 9. d3 O-O-O 10. Nbd2 g5 11. Nc4 Qd7 12. Nfxe5 Bxd1 13. Nxd7 Bxc2 14. Nxf6
Bg7 15. Nxg8 Bxb2 16. Nxb2 Rhxg8 17. Rac1 Bxd3 18. Nxd3 Rxd3 19. Rfd1 Rgd8 20.
Rxd3 Rxd3 21. Rc2 Rd1+ 22. Kh2 Kd7 23. Kg3 b6 24. Kg4 h6 25. Kh5 Rd6 26. h4
gxh4 27. Kxh4 Ke6 28. f4 c5 29. Kh5 Kf7 30. e5 Rc6 31. f5 b5 32. e6+ Ke7 33.
Kg6 c4 34. Kg7 Rc5 35. f6+ Kxe6 36. Re2+ Kd6 37. f7 Rf5 38. f8=Q+ Rxf8 39. Kxf8
c3 40. Re3 b4 41. Re4 a5 42. g4 c5 43. Kg7 a4 44. Kxh6 Kd5 45. Rc4 c2 46. Rxc2
1-0

[Event "Manitoba-ch qual."]
[Site "Winnipeg CAN"]
[Date "2010.05.02"]
[Round "4.4"]
[White "Wasserman, Leor"]
[Black "Ott, Richard"]
[Result "0-1"]
[WhiteElo "1736"]
[BlackElo "1640"]
[PlyCount "44"]
[EventDate "2010.05.01"]
[EventType "swiss"]
[EventRounds "4"]
[EventCountry "CAN"]

1. e4 c5 2. Nf3 Nc6 3. d4 cxd4 4. Nxd4 g6 5. Nc3 Bg7 6. Be3 Nf6 7. f3 O-O 8.
Qd2 d5 9. Nxc6 bxc6 10. O-O-O Qa5 11. Kb1 Be6 12. Be2 dxe4 13. a3 Rab8 14. Ka1
Nd5 15. Bd4 Bxd4 16. Qxd4 Rb4 17. Qd2 Rfb8 18. Nxe4 Ne3 19. Qxe3 Rxb2 20. c4
R2b3 21. Rd8+ Qxd8 22. Qxa7 Qd4+ 0-1

[Event "March TNT"]
[Site "Winnipeg CAN"]
[Date "2010.03.02"]
[Round "1"]
[White "Campbell, Gary"]
[Black "Nikouline, Alexandre"]
[Result "0-1"]
[WhiteElo "1628"]
[BlackElo "2111"]
[PlyCount "55"]
[EventDate "2010.03.02"]
[EventType "swiss"]
[EventRounds "4"]
[EventCountry "CAN"]

1. d4 Nf6 2. c4 e6 3. Nc3 Bb4 4. e3 c5 5. Bd3 O-O 6. Nge2 Nc6 7. a3 cxd4 8.
exd4 Bxc3+ 9. Nxc3 Nxd4 10. Bxh7+ Nxh7 11. Qxd4 b6 12. O-O Bb7 13. Bf4 Qf6 14.
Qxf6 Nxf6 15. Rfd1 d5 16. cxd5 Nxd5 17. Nxd5 Bxd5 18. Rac1 Rac8 19. Rxc8 Rxc8
20. Rc1 Bc6 21. g3 f6 22. Be3 e5 23. f4 Kf7 24. fxe5 fxe5 25. Kf2 Ke6 26. g4
Rf8+ 27. Kg3 Rf3+ 28. Kg2 0-1